000 01475nam1a2200325 i 4500
001 RU\NLR\BIBL_A\011542302
005 20260405162406.0
010 _a9785442412549
035 _a(NLR Aleph) 011542302
090 _a12201846
_c12201846
100 _a20171129d2017 u y0rusy50 ca
101 1 _arus
_cfre
102 _aRU
105 _a||||z||||||||
200 1 _aДневник
_eзаписки литературной жизни
_e[в трех томах]
_fЭдмон де Гонкур, Жюль де Гонкур
_g[пер. с фр. Д. Эпштейнайте и др.]
210 _aМосква
_cТерра
_cКнижный Клуб Книговек
_d2017
215 _d20
225 1 _aБиблиотека зарубежной классики
225 1 _aБиблиотека "Огонек"
600 1 _aГонкур
_bЖ.
_f1830 - 1870
_gЖюль
_jДневники
_91449295
_3RU\NLR\AUTH\66303884
600 1 _aГонкур
_bЭ.
_f1822 - 1896
_gЭдмон
_jДневники
_91449321
_3RU\NLR\AUTH\66303894
686 1 _aШ5(4Фр)52-4Гонкур Э.12
686 1 _aШ5(4Фр)52-4Гонкур Ж.12
700 1 _7ca
_8rus
_aГонкур
_bЭ. де
_f1822-1896
_gЭдмон де
_951618
_3RU\NLR\AUTH\7768690
701 1 _7ca
_8rus
_aГонкур
_bЖ. де
_f1830-1870
_gЖюль де
_951619
_3RU\NLR\AUTH\7768691
852 _aNLR
_j2017-3/32842
942 _cBOOK